| 000 | 00393nam a22001337a 4500 | ||
|---|---|---|---|
| 020 | _a9789380235608 | ||
| 082 |
_a631.372 _bSRI/TR |
||
| 100 |
_aSrinivasan,K _aNarayanan V. V _aSanjeev Kumar Singh _aGeethha Lakshmi L _91772 |
||
| 245 | _aTractors and Agricultural Machinery | ||
| 250 | _a1 & 2 rev | ||
| 260 |
_aNew Delhi _bNew India Publishing Agency _c2011 |
||
| 300 | _a210,196 | ||
| 942 | _cBK | ||
| 999 |
_c14150 _d14150 |
||